A New Spring for Ecofeminism? (notice n° 1614251)
[ vue normale ]
| 000 -LEADER | |
|---|---|
| fixed length control field | 00969cam a2200157 4500500 |
| 005 - DATE AND TIME OF LATEST TRANSACTION | |
| control field | 20260111055236.0 |
| 041 ## - LANGUAGE CODE | |
| Language code of text/sound track or separate title | fre |
| 042 ## - AUTHENTICATION CODE | |
| Authentication code | dc |
| 100 10 - MAIN ENTRY--PERSONAL NAME | |
| Personal name | Burgart Goutal, Jeanne |
| Relator term | author |
| 245 00 - TITLE STATEMENT | |
| Title | A New Spring for Ecofeminism? |
| 260 ## - PUBLICATION, DISTRIBUTION, ETC. | |
| Date of publication, distribution, etc. | 2017.<br/> |
| 500 ## - GENERAL NOTE | |
| General note | 100 |
| 520 ## - SUMMARY, ETC. | |
| Summary, etc. | A convergence of struggles! This demand resonates with increasing strength among those who resist the “system”. Why then doesn’t ecofeminism, which has attempted to materialize this convergence through activist experiences and theoretical breakthroughs over the last forty years, meet a wider public? This introduction tries to showcase the strengths of this multifarious movement, as well as the criticisms it has had to face. A few possibilities for further evolutions are discussed along the way. |
| 786 0# - DATA SOURCE ENTRY | |
| Note | Multitudes | o 67 | 2 | 2017-06-23 | p. 17-28 | 0292-0107 |
| 856 41 - ELECTRONIC LOCATION AND ACCESS | |
| Uniform Resource Identifier | <a href="https://shs.cairn.info/journal-multitudes-2017-2-page-17?lang=en&redirect-ssocas=7080">https://shs.cairn.info/journal-multitudes-2017-2-page-17?lang=en&redirect-ssocas=7080</a> |
Pas d'exemplaire disponible.




Réseaux sociaux